000
00349nam a22001697a 4500
003
SGT
020
_a
9789389309232
082
_a
616.89
_b
C21D
100
_a
DAMS
245
_a
CONCEPT BOOK PSYCHIATRY
250
_a
1ST
260
_a
INDIA
_b
DAMS PUB
_c
2021
300
_a
207
650
_a
PSYCHIATRY
653
_a
EXAM BOOK
942
_2
ddc
_c
BK
999
_c
22465
_d
22465